000 00455nam a2200181Ia 4500
001 470
005 20260306140520.0
008 260306t2021||||xx |||||||||||||| ||spa||
041 _aESP
082 _a121
_bL726
100 _aLlanos Ceballos, Adolfo León,
_eAUT
245 0 _aCurso básico de epistemología :
_benseñando a pensar
260 _c2021
300 _a233 páginas :
_c21 cm.
650 _aGEN
654 _aCHU
942 _cLIB
_dJUS
_fJUS
_2ddc
_n
999 _c470
_d470